000 00596nam a22002057a 4500
001 000078100
003 DO-SdBNP
005 20160610095551.0
008 160601b 2002 dr xxu||||| |||| 00| 0 spa d
020 _a8434883783
040 _aBPMSU
_bspa
_cBPMSU
092 _axxxxx
_bxxxxx
100 1 _aGallon, Fabienne
245 1 0 _aBien sûr! 3 :
_bméthode de français /
_cFabienne Gallon, Cynthia Donson.
260 _a[Madrid] :
_bSM,
_c [2002].
300 _a96 p. :
_bil. ;
_c28 cm. +
700 1 _aDonson, Cynthia
942 _2ddc
_cBK
956 _2LOPEREZ
_310
_620160601
_8BPMSU
_a00041
999 _c10255
_d10255